Princípy, ciele a oblasti pôsobenia klastrovej politiky Veľkej Británie

Princípy klastrovej politiky. Ciele klastrovej politiky. Oblasti pôsobenia klastrovej politiky. Základné princípy, na ktorých stojí klastrová politika Veľkej Británie.

Salvato in:
Dettagli Bibliografici
Autore principale: Duľová Spišáková, Emília, 1983-
Altri autori: Gontkovičová, Barbora, 1986-
Natura: Capitolo di libro
Lingua:slovacco
Soggetti:
Tags: Aggiungi Tag
Nessun Tag, puoi essere il primo ad aggiungerne!!

MARC

LEADER 00000nla a2200000 4500
001 0222607
005 20240502073638.2
041 0 |a slo 
044 |a SK 
245 1 0 |a Princípy, ciele a oblasti pôsobenia klastrovej politiky Veľkej Británie  |c Emília Duľová Spišáková, Barbora Gontkovičová 
520 |a Princípy klastrovej politiky. Ciele klastrovej politiky. Oblasti pôsobenia klastrovej politiky. Základné princípy, na ktorých stojí klastrová politika Veľkej Británie. 
610 2 0 |a Veľká Británia 
610 2 0 |a klaster 
610 2 0 |a stratégia inovačná 
610 2 0 |a konkurencieschopnosť 
610 2 0 |a prostredie podnikateľské 
100 1 |a Duľová Spišáková, Emília, 1983- 
700 1 |a Gontkovičová, Barbora, 1986-